Central Library OPAC University of Rajshahi

A reader in planning theory / (Record no. 16848)

MARC details
000 -LEADER
fixed length control field 00864nam a2200289 4500
001 - CONTROL NUMBER
control field 16848
003 - CONTROL NUMBER IDENTIFIER
rucl marc code BD-RjUL
005 - DATE AND TIME OF LATEST TRANSACTION
control field 20211209000046.0
008 - FIXED-LENGTH DATA ELEMENTS--GENERAL INFORMATION
fixed length control field 140215s19781973enk b 000 0 eng
020 ## - INTERNATIONAL STANDARD BOOK NUMBER
International Standard Book Number 0080170668
-- 0080170676 (pbk)
035 ## - SYSTEM CONTROL NUMBER
System control number (BD-RjUL)16903
040 ## - CATALOGING SOURCE
Original cataloging agency DLC
Transcribing agency DLC
Modifying agency DLC
-- BD-RjUL
Language of cataloging eng
041 ## - LANGUAGE CODE
Language code of text/sound track or separate title eng
082 00 - DEWEY DECIMAL CLASSIFICATION NUMBER
Classification number 307.12
Author mark and year REA 1978
245 12 - TITLE STATEMENT
Title A reader in planning theory /
Statement of responsibility, etc. edited by Andreas Faludi
250 ## - EDITION STATEMENT
Edition statement 1st ed.
260 ## - PUBLICATION, DISTRIBUTION, ETC. (IMPRINT)
Place of publication, distribution, etc. Oxford ;
-- New York :
Name of publisher, distributor, etc. Pergamon Press,
Date of publication, distribution, etc. c1973 [Reprinted 1978].
300 ## - PHYSICAL DESCRIPTION
Pagination xii, 399 p. ;
Size 22 cm.
504 ## - BIBLIOGRAPHY, ETC. NOTE
Bibliography, etc Includes bibliographies.
650 #0 - SUBJECT ADDED ENTRY--TOPICAL TERM
Topical term or geographic name as entry element Regional planning.
9 (RLIN) 52022
Topical term or geographic name as entry element City planning.
9 (RLIN) 52023
700 ## - ADDED ENTRY--PERSONAL NAME
Personal name Faludi, Andreas,
942 ## - ADDED ENTRY ELEMENTS (KOHA)
Source of classification or shelving scheme Dewey Decimal Classification
Koha item type Books
Holdings
Lost status Source of classification or shelving scheme Damaged status Not for loan Collection code Permanent Location Current Location Shelving location Date acquired Source of acquisition Cost, normal purchase price Total Checkouts Full call number Date last seen Copy number Koha item type
  Dewey Decimal Classification   Not For Loan Non-fiction Central Library, University of Rajshahi Central Library, University of Rajshahi Reading Room 11/03/1980 Heffers 7.75   307.12 REA 1978 15/02/2014 C-1 Books
  Dewey Decimal Classification     Non-fiction Central Library, University of Rajshahi Central Library, University of Rajshahi   11/03/1980 Heffer & sons 7.75   307.12 REA 1978 25/11/2019 C-2 Books